KOHA-Header-6

Operations Research (Record no. 8600)

000 -LEADER
fixed length control field 00237nam a2200109Ia 4500
020 ## - INTERNATIONAL STANDARD BOOK NUMBER
ISBN 978-0132555937
100 ## - MAIN ENTRY--AUTHOR NAME
Personal name Hamdy A. Taha
245 #0 - TITLE STATEMENT
Title Operations Research
260 ## - PUBLICATION, DISTRIBUTION, ETC. (IMPRINT)
Place of publication India
Name of publisher World Scientific
Year of publication 2000
300 ## - PHYSICAL DESCRIPTION
Number of Pages 925
942 ## - ADDED ENTRY ELEMENTS (KOHA)
Koha item type Books
Holdings
Withdrawn status Lost status Permanent Location Current Location Date acquired Full call number Accession Number Koha item type
    MAJU MAJU 2019-09-14 658.83 3439 Books

Powered by Koha